LEADER 00843nam0 2200277 450 001 000001981 005 20050630115500.0 010 $a88-08-09869-9 100 $a--------d1999----km-y0itay50------ba 101 1 $aita 102 $aIT 200 1 $a<>economia della natura$fRobert E. Ricklefs 205 $a2. ed. italiana condotta sulla 4. ed. americana 210 $aBologna$cZanichelli$d1999 215 $aVIII, 630 p.$cill.$d27 cm 304 $aTit. orig. : The economy of nature, fourth edition 314 $aTrad. di Alfredo Suvero 610 1 $aEcologia 676 $a574.5 700 1$aRicklefs,$bRobert E.$064348 702 1$aSuvero,$bAlfredo 801 0$aIT $bUNIPARTHENOPE $gRICA $2UNIMARC 912 $a000001981 951 $cNAVA1$a574-E/9$b34038$d20001018 996 $aEconomia della natura$985235 997 $aUNIPARTHENOPE LEADER 01292nam--2200409---450- 001 990002178570203316 005 20060329143050.0 010 $a88-7075-571-1 035 $a000217857 035 $aUSA01000217857 035 $a(ALEPH)000217857USA01 035 $a000217857 100 $a20041116d20021997km-y0enga50------ba 101 $aita 102 $aIT 105 $a||||||||001yy 200 1 $aStandard e documenti musicali$ei numeri, i modelli, i formati$fNicola Tangari 210 $aMilano$cBibliografica$d2002 215 $a269 p.$d21 cm. 225 2 $aBibliografia e biblioteconomia$v65 410 0$12001$aBibliografia e biblioteconomia$v65 454 1$12001 461 1$1001-------$12001 606 0 $aDocumenti musicali$xCatalogazione$xStandardizzazione 676 $a025.348 700 1$aTANGARI,$bNicola$0266776 801 0$aIT$bsalbc$gISBD 912 $a990002178570203316 951 $aI.2. Coll.2/ 25(XIII Coll. 16/65)$b176628 L.M.$cXIII Coll.$d00139422 959 $aBK 969 $aUMA 979 $aALINA$b90$c20041116$lUSA01$h1325 979 $aRIVELLI$b90$c20050729$lUSA01$h1210 979 $aRIVELLI$b90$c20050729$lUSA01$h1214 979 $aCOPAT1$b90$c20060329$lUSA01$h1430 996 $aStandard e documenti musicali$9147581 997 $aUNISA